[Event "Benidorm 2013 - Torneo sub2000"]
[Site "Benidorm ESP"]
[Date "2013.12.04"]
[Round "7.5"]
[White "Westerweele, Henrik"]
[Black "Hall, Rachid"]
[Result "0-1"]
[WhiteElo "1948"]
[BlackElo "1973"]
[PlyCount "71"]
[EventDate "2013.11.29"]
[EventRounds "10"]
[EventCountry "ESP"]
[Source "lmi"]
[SourceDate "2013.11.29"]

1. e4 c5 2. c3 Nf6 3. e5 Nd5 4. d4 e6 5. Nf3 cxd4 6. cxd4 Bb4+ 7. Bd2 Bxd2+ 8.
Nbxd2 O-O 9. Bd3 Nf4 10. Bc2 Nxg2+ 11. Kf1 Nf4 12. Rg1 b6 13. Ne4 f5 14. exf6
Ba6+ 15. Ke1 Rxf6 16. Nxf6+ Qxf6 17. Qd2 Nc6 18. Rg4 Rf8 19. Ng5 Nxd4 20. Bxh7+
Kh8 21. Be4 Qe5 22. Qe3 Bd3 23. Rh4+ Kg8 24. Bh7+ Bxh7 25. Qxe5 Nd3+ 26. Kd2
Nxe5 27. Rxd4 Rxf2+ 28. Kc3 Bf5 29. h4 d5 30. Re1 Rc2+ 31. Kb3 Nc6 32. Rxd5
Na5+ 33. Ka3 Nc4+ 34. Kb3 Rxb2+ 35. Kxc4 exd5+ 36. Kc3 0-1

[Event "Benidorm 2013 - Torneo sub2000"]
[Site "Benidorm ESP"]
[Date "2013.12.04"]
[Round "7.6"]
[White "Rincon Carrillo, Ricardo"]
[Black "Izagirre Alsua, Aritz"]
[Result "1-0"]
[WhiteElo "1966"]
[BlackElo "1947"]
[PlyCount "89"]
[EventDate "2013.11.29"]
[EventRounds "10"]
[EventCountry "ESP"]
[Source "lmi"]
[SourceDate "2013.11.29"]

1. Nc3 c5 2. e4 d6 3. f4 g6 4. d4 cxd4 5. Qxd4 Nf6 6. Bc4 Nc6 7. Qf2 Bg7 8. Nf3
O-O 9. O-O Be6 10. Bxe6 fxe6 11. h3 Nh5 12. g3 Qd7 13. Kh2 e5 14. f5 gxf5 15.
Qe2 f4 16. Qc4+ e6 17. g4 Nf6 18. Rd1 Rad8 19. g5 Nh5 20. b3 a6 21. a4 Kh8 22.
Ba3 Nd4 23. Qd3 Qc6 24. Rac1 Ng3 25. Re1 Rc8 26. Nd1 Rfe8 27. c4 d5 28. Nxd4
exd4 29. cxd5 Qd7 30. dxe6 Qxe6 31. Rxc8 Rxc8 32. Bb2 Qe5 33. h4 Rf8 34. Qf3
Rc8 35. Qd3 b5 36. Nf2 h5 37. gxh6 Bf6 38. Ng4 Qh5 39. Nxf6 Qxh4+ 40. Kg2 Qg5
41. Kf3 Rd8 42. Ng4 Qh4 43. Bxd4+ Kh7 44. e5+ Kg8 45. Qg6+ 1-0

[Event "Benidorm 2013 - Torneo sub2000"]
[Site "Benidorm ESP"]
[Date "2013.12.04"]
[Round "7.7"]
[White "Moya Mallafre, Erik"]
[Black "Tirado Parra, Alberto"]
[Result "0-1"]
[WhiteElo "1959"]
[BlackElo "1900"]
[PlyCount "59"]
[EventDate "2013.11.29"]
[EventRounds "10"]
[EventCountry "ESP"]
[Source "lmi"]
[SourceDate "2013.11.29"]

1. Nf3 d5 2. g3 Nf6 3. d4 Bg4 4. Bg2 e6 5. c4 c6 6. Ne5 Bf5 7. Nd2 Be7 8. O-O
O-O 9. b3 Nbd7 10. Bb2 Ne4 11. Nxe4 dxe4 12. g4 Nxe5 13. gxf5 Ng4 14. h3 Nh6
15. fxe6 Bd6 16. exf7+ Rxf7 17. Qd2 Qh4 18. Bc1 Rf5 19. Qe3 Ng4 20. Qxe4 Bh2+
21. Kh1 Nxf2+ 22. Rxf2 Qxe4 23. Bxe4 Rxf2 24. Bf3 Re8 25. Bg5 Bg3 26. Kg1 h6
27. Bh5 g6 28. Bxg6 Rexe2 29. Bxh6 Re6 30. Bf5 0-1

[Event "Benidorm 2013 - Torneo sub2000"]
[Site "Benidorm ESP"]
[Date "2013.12.04"]
[Round "7.8"]
[White "Denisik, Sergei"]
[Black "Castrillo Mansego, Pablo"]
[Result "1-0"]
[WhiteElo "1956"]
[BlackElo "1940"]
[PlyCount "47"]
[EventDate "2013.11.29"]
[EventRounds "10"]
[EventCountry "ESP"]
[Source "lmi"]
[SourceDate "2013.11.29"]

1. e4 c5 2. Nf3 d6 3. c3 Nf6 4. Bd3 Nc6 5. h3 g6 6. Bc2 Bg7 7. d4 cxd4 8. cxd4
Nb4 9. Ba4+ Kf8 10. Nc3 Bd7 11. Bxd7 Qxd7 12. O-O h6 13. a3 Nc6 14. e5 Ne8 15.
Bf4 Rg8 16. Re1 g5 17. Bg3 Rd8 18. Qc2 g4 19. hxg4 Qxg4 20. Re4 Qg6 21. Nh4 Qh7
22. e6 Nxd4 23. Rf4 Nf6 24. Qxh7 1-0

[Event "Benidorm 2013 - Torneo sub2000"]
[Site "Benidorm ESP"]
[Date "2013.12.04"]
[Round "7.9"]
[White "Blondel, Jerome"]
[Black "Stefanov, Evtim"]
[Result "1-0"]
[WhiteElo "1924"]
[BlackElo "1998"]
[PlyCount "79"]
[EventDate "2013.11.29"]
[EventRounds "10"]
[EventCountry "ESP"]
[Source "lmi"]
[SourceDate "2013.11.29"]

1. c4 e5 2. Nc3 Nc6 3. g3 g6 4. Bg2 Bg7 5. d3 d6 6. Nf3 h6 7. O-O f5 8. Nh4
Nce7 9. e3 Nf6 10. Qb3 g5 11. Nf3 O-O 12. c5+ Rf7 13. cxd6 cxd6 14. Nd2 d5 15.
Nf3 Ng6 16. d4 e4 17. Ne5 Nxe5 18. dxe5 Ne8 19. f4 Be6 20. Rd1 Rd7 21. Ne2 g4
22. Nd4 Kf7 23. h3 h5 24. hxg4 hxg4 25. Bxe4 fxe4 26. f5 Bxf5 27. Rf1 Bxe5 28.
Rxf5+ Bf6 29. Rf4 Qb6 30. Qd1 Ng7 31. Qxg4 Qd6 32. Bd2 Ke8 33. Raf1 Be5 34.
Rf8+ Qxf8 35. Rxf8+ Kxf8 36. Qxd7 Bxg3 37. Qxb7 Rb8 38. Bb4+ Kg8 39. Qxd5+ Kh8
40. Bc3 1-0

[Event "Benidorm 2013 - Torneo sub2000"]
[Site "Benidorm ESP"]
[Date "2013.12.04"]
[Round "7.10"]
[White "Haddad Filho, Paulo Ibrahim"]
[Black "Gomez Dieguez, Adrian"]
[Result "0-1"]
[WhiteElo "1940"]
[BlackElo "1999"]
[PlyCount "71"]
[EventDate "2013.11.29"]
[EventRounds "10"]
[EventCountry "ESP"]
[Source "lmi"]
[SourceDate "2013.11.29"]

1. d4 c5 2. c3 Nf6 3. Nf3 Qc7 4. g3 e6 5. Bg2 Be7 6. O-O O-O 7. Re1 cxd4 8.
cxd4 b5 9. a3 Bb7 10. Nc3 Bc6 11. Bf4 Qb7 12. Bg5 a5 13. e4 b4 14. d5 bxc3 15.
dxc6 Qxb2 16. cxd7 Ra7 17. Qa4 Nbxd7 18. Nd4 Nc5 19. Qc4 Rb8 20. Nc6 Rc7 21.
Nxb8 e5 22. Bxf6 gxf6 23. Reb1 Qd2 24. Rd1 Qb2 25. Rab1 Qxa3 26. Rdc1 Ne6 27.
Qe2 Nd4 28. Qg4+ Kh8 29. Na6 Rc6 30. Rb8+ Bf8 31. Rbb1 Rxa6 32. Bf1 Rc6 33. Qd7
Qe7 34. Qg4 Qc7 35. Bd3 Ba3 36. Bc2 0-1

[Event "Benidorm 2013 - Torneo sub2000"]
[Site "Benidorm ESP"]
[Date "2013.12.04"]
[Round "7.11"]
[White "Gonzalez Capacete, Jose Miguel"]
[Black "Turcheniac, Mariya"]
[Result "1-0"]
[WhiteElo "1922"]
[BlackElo "1998"]
[PlyCount "167"]
[EventDate "2013.11.29"]
[EventRounds "10"]
[EventCountry "ESP"]
[Source "lmi"]
[SourceDate "2013.11.29"]

1. e4 d5 2. exd5 Qxd5 3. Nc3 Qd6 4. d4 Nf6 5. Bd3 a6 6. Nge2 Bg4 7. f3 Bh5 8.
Bf4 Qd7 9. Qd2 e6 10. Ne4 Nc6 11. c3 O-O-O 12. O-O Nxe4 13. Bxe4 Bg6 14. Qe3
Bd6 15. b4 Bxe4 16. fxe4 e5 17. Bg5 f6 18. Bh4 exd4 19. Nxd4 Nxd4 20. cxd4 Bxb4
21. d5 Ba5 22. Bg3 Qb5 23. Kh1 Bb6 24. Qf3 Rd7 25. Rab1 Qa5 26. Rfc1 Kb8 27.
Qb3 Rc8 28. Qxb6 Qxb6 29. Rxb6 Ka7 30. Re6 c6 31. dxc6 bxc6 32. Bf2+ Kb7 33.
Rb1+ Kc7 34. Bg3+ Kd8 35. Rd6 Rxd6 36. Bxd6 c5 37. Rc1 c4 38. Kg1 Kd7 39. Bb4
Ke6 40. Kf2 a5 41. Bd2 Rd8 42. Ke2 Rd4 43. Bxa5 Rxe4+ 44. Kf3 Rd4 45. Ke3 Rd3+
46. Ke2 Ra3 47. Bd2 Rxa2 48. Rxc4 h5 49. Rc6+ Kd7 50. Rb6 Ke7 51. Rb7+ Kf8 52.
Rb5 g6 53. Rb7 Kg8 54. h4 Ra4 55. g3 Rg4 56. Kf3 Rc4 57. Be3 Ra4 58. Bh6 Ra3+
59. Kg2 Ra2+ 60. Kh3 Rf2 61. Rd7 Kh8 62. Bf4 Kg8 63. Ra7 Rc2 64. Rd7 Ra2 65.
Bd2 Ra3 66. Kg2 Ra2 67. Kf3 Ra3+ 68. Be3 Ra4 69. Ra7 Rc4 70. Rd7 Ra4 71. Bc5
Rc4 72. Bd4 Rc6 73. Ke4 Ra6 74. Kd5 Ra3 75. Ke6 Rxg3 76. Bxf6 Re3+ 77. Be5 g5
78. hxg5 h4 79. g6 Rf3 80. Rg7+ Kf8 81. Rf7+ Rxf7 82. gxf7 h3 83. Kf6 h2 84.
Bf4 1-0

[Event "Benidorm 2013 - Torneo sub2000"]
[Site "Benidorm ESP"]
[Date "2013.12.04"]
[Round "7.12"]
[White "Moreno Alberti, Manuel"]
[Black "Buiza Prieto, Aizbeltz"]
[Result "1-0"]
[WhiteElo "1914"]
[BlackElo "1996"]
[PlyCount "129"]
[EventDate "2013.11.29"]
[EventRounds "10"]
[EventCountry "ESP"]
[Source "lmi"]
[SourceDate "2013.11.29"]

1. e4 c5 2. Nf3 e6 3. d4 cxd4 4. Nxd4 Nf6 5. Nc3 Nc6 6. Ndb5 d6 7. Bf4 e5 8.
Bg5 a6 9. Na3 b5 10. Bxf6 gxf6 11. Nd5 Bg7 12. g3 Be6 13. Bg2 Ne7 14. Nxe7 Qxe7
15. c3 Rb8 16. O-O O-O 17. Nc2 a5 18. Ne3 Rfc8 19. Rc1 Bh6 20. Qh5 Kg7 21. Bh3
Bxe3 22. fxe3 Qd7 23. Bf5 Rg8 24. Qxh7+ Kf8 25. Bxe6 Qxe6 26. Qf5 Ke7 27. Rc2
Rg5 28. Qf3 Rg6 29. b3 Rc8 30. Rfc1 Rcg8 31. c4 Qh3 32. Rg2 Rc8 33. Qe2 Qe6 34.
Rc2 bxc4 35. Rxc4 Rxc4 36. bxc4 Rg8 37. Qd3 Rc8 38. Rc2 Rc5 39. Kg2 Qc8 40. h4
Qb7 41. g4 Qb4 42. Qe2 Rc8 43. h5 Qb7 44. Qf3 Qd7 45. Kg3 Rb8 46. h6 Rh8 47.
Rh2 Qc8 48. Qe2 Qf8 49. Qb2 Rxh6 50. Qb7+ Ke6 51. Qd5+ Ke7 52. c5 Rxh2 53.
Qxd6+ Ke8 54. Qb8+ Ke7 55. Qb7+ Ke8 56. Qc8+ Ke7 57. Qc7+ Ke6 58. Kxh2 a4 59.
Kg3 a3 60. Kf2 f5 61. exf5+ Kd5 62. Qd6+ Qxd6 63. cxd6 Kxd6 64. Kf3 Kd5 65. g5
1-0

[Event "Benidorm 2013 - Torneo sub2000"]
[Site "Benidorm ESP"]
[Date "2013.12.04"]
[Round "7.13"]
[White "Wlogalski, Olivier"]
[Black "Sevilla Subiza, Javier"]
[Result "0-1"]
[WhiteElo "1921"]
[BlackElo "1971"]
[PlyCount "128"]
[EventDate "2013.11.29"]
[EventRounds "10"]
[EventCountry "ESP"]
[Source "lmi"]
[SourceDate "2013.11.29"]

1. d4 Nf6 2. c4 g6 3. Nc3 Bg7 4. e4 d6 5. f3 O-O 6. Be3 e5 7. d5 c6 8. Bd3 cxd5
9. cxd5 Nbd7 10. Nge2 a6 11. a3 b5 12. b4 Nh5 13. O-O Nf4 14. Qd2 Nxd3 15. Qxd3
f5 16. a4 bxa4 17. Nxa4 Rb8 18. Qc4 fxe4 19. fxe4 Nf6 20. h3 Bd7 21. Nac3 Bc8
22. Rab1 Rf7 23. b5 axb5 24. Rxb5 Rxb5 25. Qxb5 Rb7 26. Qa4 Bd7 27. Qa6 Qb8 28.
Ra1 h6 29. Ra5 Kf7 30. Qd3 Qc7 31. Ra8 Rb4 32. Qa6 Rb7 33. Ra7 Rxa7 34. Bxa7
Bc8 35. Qa3 Bd7 36. Be3 Bf8 37. Qb4 Ke7 38. Kf2 Kf7 39. g4 Qc8 40. Kf3 Be8 41.
Nb5 Bxb5 42. Qxb5 h5 43. g5 Qxh3+ 44. Ng3 Qg4+ 45. Kf2 h4 46. Qb7+ Be7 47. gxf6
Qxg3+ 48. Ke2 Qg2+ 49. Kd3 Qf1+ 50. Kd2 Qxf6 51. Qd7 g5 52. Qg4 Qg6 53. Kd3 Kg7
54. Bb6 Qf6 55. Qh5 Qf1+ 56. Kd2 Qf4+ 57. Kd3 Qf1+ 58. Kd2 Qf7 59. Qe2 Qf4+ 60.
Kd3 g4 61. Be3 Qg3 62. Kc4 h3 63. Bc1 h2 64. Qd2 h1=Q 0-1

[Event "Benidorm 2013 - Torneo sub2000"]
[Site "Benidorm ESP"]
[Date "2013.12.04"]
[Round "7.14"]
[White "Thomson, Neil"]
[Black "Becking, Franz Josef"]
[Result "1-0"]
[WhiteElo "1900"]
[BlackElo "1963"]
[PlyCount "57"]
[EventDate "2013.11.29"]
[EventRounds "10"]
[EventCountry "ESP"]
[Source "lmi"]
[SourceDate "2013.11.29"]

1. e4 e6 2. d4 d5 3. Nd2 dxe4 4. Nxe4 Nd7 5. Bd3 Ngf6 6. Qe2 c5 7. Nf3 cxd4 8.
Nxd4 Nxe4 9. Qxe4 Nf6 10. Bb5+ Nd7 11. Bd2 Bc5 12. O-O-O Qb6 13. Bc3 Bxd4 14.
Bxd7+ Bxd7 15. Rxd4 O-O-O 16. Rc4+ Bc6 17. Bxg7 Rhg8 18. Be5 Rd5 19. Qxh7 Rgd8
20. Bg3 Qa5 21. a3 Qa6 22. Qxf7 R8d7 23. Qe8+ Rd8 24. Qxe6+ R8d7 25. Qg8+ Rd8
26. Qg4+ R5d7 27. Qf4 Rd6 28. Rd4 Bxg2 29. Rhd1 1-0

[Event "Benidorm 2013 - Torneo sub2000"]
[Site "Benidorm ESP"]
[Date "2013.12.04"]
[Round "7.15"]
[White "Fernandez Garcia, Ignacio"]
[Black "Stoyanov, Svetlomir"]
[Result "0-1"]
[WhiteElo "1893"]
[BlackElo "1962"]
[PlyCount "84"]
[EventDate "2013.11.29"]
[EventRounds "10"]
[EventCountry "ESP"]
[Source "lmi"]
[SourceDate "2013.11.29"]

1. e4 c6 2. d4 d5 3. Nc3 dxe4 4. Nxe4 Bf5 5. Ng3 Bg6 6. Nf3 Nd7 7. Bc4 e6 8.
O-O Bd6 9. Re1 Ngf6 10. Ng5 O-O 11. Bxe6 fxe6 12. Nxe6 Qa5 13. Nxf8 Rxf8 14. c3
Nb6 15. Re6 Qd5 16. Re1 Ne4 17. Nxe4 Bxe4 18. Qg4 Bf5 19. Qh5 Qf7 20. Qxf7+
Kxf7 21. b3 Nd5 22. c4 Nf4 23. Bxf4 Bxf4 24. g3 Bd2 25. Red1 Bc3 26. Rac1 Bb2
27. d5 Bxc1 28. Rxc1 cxd5 29. cxd5 Rd8 30. Rd1 Ke7 31. f3 Kd6 32. Kf2 Rc8 33.
Ke3 Rc2 34. Kf4 Bd7 35. h4 Rxa2 36. g4 Ra3 37. Rb1 Kxd5 38. Rd1+ Ke6 39. Rd3 a5
40. Re3+ Kf7 41. Ke5 a4 42. Kd6 Bc6 0-1

[Event "Benidorm 2013 - Torneo sub2000"]
[Site "Benidorm ESP"]
[Date "2013.12.04"]
[Round "7.37"]
[White "Orantes Taboada, Manuel"]
[Black "Diaz Begonte, Manuel"]
[Result "1-0"]
[WhiteElo "1951"]
[BlackElo "1764"]
[PlyCount "49"]
[EventDate "2013.11.29"]
[EventRounds "10"]
[EventCountry "ESP"]
[Source "lmi"]
[SourceDate "2013.11.29"]

1. e4 d5 2. exd5 Nf6 3. Bb5+ Bd7 4. Be2 Nxd5 5. d4 c5 6. c4 Nf6 7. d5 Na6 8.
Nc3 e6 9. Nf3 Bd6 10. O-O O-O 11. Bg5 h6 12. dxe6 Bxe6 13. Bxf6 gxf6 14. Qd2
Kg7 15. Rad1 Be5 16. Qe3 Qc7 17. Nb5 Qb8 18. b3 Bf5 19. Nh4 Bg6 20. f4 Bc7 21.
Rd7 Rd8 22. Qf3 Bxf4 23. Nxg6 Bxh2+ 24. Kh1 Qg3 25. Qxf6+ 1-0

[Event "Benidorm 2013 - Torneo sub2000"]
[Site "Benidorm ESP"]
[Date "2013.12.04"]
[Round "7.45"]
[White "Penarrubia Blasco, Jose Alfred"]
[Black "Moore, Robin"]
[Result "0-1"]
[WhiteElo "1982"]
[BlackElo "1834"]
[PlyCount "50"]
[EventDate "2013.11.29"]
[EventRounds "10"]
[EventCountry "ESP"]
[Source "lmi"]
[SourceDate "2013.11.29"]

1. e4 c5 2. Nf3 Nc6 3. Bc4 g6 4. Nc3 Bg7 5. d3 e6 6. h3 Nge7 7. O-O d5 8. exd5
exd5 9. Bb3 O-O 10. Re1 Be6 11. Bg5 Qd7 12. Bf4 Nf5 13. Ba4 a6 14. Bxc6 Qxc6
15. Ne5 Bxe5 16. Bxe5 f6 17. Bf4 Rae8 18. Ne2 d4 19. Bg3 g5 20. c4 Rf7 21. Kh1
Rfe7 22. Ng1 Nxg3+ 23. Kh2 Bxh3 24. Qf3 Rxe1 25. Rxe1 Rxe1 0-1

[Event "Benidorm 2013 - Torneo sub2000"]
[Site "Benidorm ESP"]
[Date "2013.12.04"]
[Round "7.47"]
[White "Todic, Simo"]
[Black "Poggiolini, Alessandro"]
[Result "0-1"]
[WhiteElo "1833"]
[BlackElo "1971"]
[PlyCount "50"]
[EventDate "2013.11.29"]
[EventRounds "10"]
[EventCountry "ESP"]
[Source "lmi"]
[SourceDate "2013.11.29"]

1. e4 c5 2. Nf3 Nc6 3. d4 cxd4 4. Nxd4 Nf6 5. Nc3 e5 6. Nf3 Bb4 7. Bc4 O-O 8.
O-O Bxc3 9. bxc3 Nxe4 10. Ba3 d6 11. Qd3 Nc5 12. Qe3 Qf6 13. Bxc5 dxc5 14. Qxc5
Bf5 15. Rfe1 Rac8 16. Qb5 a6 17. Qb2 Rfd8 18. Rad1 e4 19. Nd2 Ne5 20. Bf1 Qg6
21. Kh1 Qh6 22. Re2 Bg4 23. Qxb7 Bxe2 24. Bxe2 Rb8 25. Qc7 Qxd2 0-1

[Event "Benidorm 2013 - Torneo sub2000"]
[Site "Benidorm ESP"]
[Date "2013.12.04"]
[Round "7.48"]
[White "Lopez Valverde, Rafael"]
[Black "Gonzalez Pabollet, Jesus Maria"]
[Result "0-1"]
[WhiteElo "1825"]
[BlackElo "1970"]
[PlyCount "46"]
[EventDate "2013.11.29"]
[EventRounds "10"]
[EventCountry "ESP"]
[Source "lmi"]
[SourceDate "2013.11.29"]

1. e4 c5 2. Nf3 Nc6 3. d4 cxd4 4. Nxd4 Nf6 5. Nc3 e6 6. Bg5 h6 7. Bh4 Bb4 8.
Nxc6 bxc6 9. Qd3 Qa5 10. Bxf6 gxf6 11. Qf3 Rg8 12. Qxf6 Rg6 13. Qf3 d5 14. Kd1
e5 15. h3 Be6 16. Nb1 O-O-O 17. Bd3 dxe4 18. Qxe4 Kb7 19. Ke2 f5 20. Qh4 e4 21.
a3 exd3+ 22. cxd3 Qe5+ 23. Kf1 Qe1# 0-1

[Event "Benidorm 2013 - Torneo sub2000"]
[Site "Benidorm ESP"]
[Date "2013.12.04"]
[Round "7.52"]
[White "Orantes Taboada, Francisco"]
[Black "Gerona Maura, Jesus"]
[Result "0-1"]
[WhiteElo "1822"]
[BlackElo "1939"]
[PlyCount "28"]
[EventDate "2013.11.29"]
[EventRounds "10"]
[EventCountry "ESP"]
[Source "lmi"]
[SourceDate "2013.11.29"]

1. e4 d6 2. d4 Nf6 3. Nc3 g6 4. f3 Bg7 5. Be3 O-O 6. Qd2 c6 7. g4 e5 8. d5 cxd5
9. Nxd5 Nxd5 10. Qxd5 Nc6 11. O-O-O Be6 12. Qd2 Rc8 13. Kb1 Qc7 14. Qxd6 Rfd8
0-1

[Event "Benidorm 2013 - Torneo sub2000"]
[Site "Benidorm ESP"]
[Date "2013.12.04"]
[Round "7.65"]
[White "Gillespie, Gary"]
[Black "Ijurko Erroizena, Jose Angel"]
[Result "1-0"]
[WhiteElo "1877"]
[BlackElo "1665"]
[PlyCount "35"]
[EventDate "2013.11.29"]
[EventRounds "10"]
[EventCountry "ESP"]
[Source "lmi"]
[SourceDate "2013.11.29"]

1. e4 d6 2. Nc3 Nf6 3. f4 e5 4. Bc4 Nbd7 5. Nf3 Be7 6. d3 c6 7. O-O O-O 8. Bb3
Re8 9. Kh1 Bf8 10. fxe5 dxe5 11. Bg5 g6 12. d4 Bg7 13. dxe5 h6 14. exf6 hxg5
15. fxg7 Kxg7 16. Qd4+ f6 17. Nxg5 Qc7 18. Ne6+ 1-0

[Event "Benidorm 2013 - Torneo sub2000"]
[Site "Benidorm ESP"]
[Date "2013.12.04"]
[Round "7.78"]
[White "Oliva Llorens, Antoni"]
[Black "Romagosa Cerda, Ismael"]
[Result "1-0"]
[WhiteElo "1918"]
[BlackElo "1749"]
[PlyCount "47"]
[EventDate "2013.11.29"]
[EventRounds "10"]
[EventCountry "ESP"]
[Source "lmi"]
[SourceDate "2013.11.29"]

1. e4 d5 2. exd5 Qxd5 3. Nc3 Qa5 4. d4 c6 5. Bc4 Nf6 6. Bd2 Qb6 7. Nf3 Bf5 8.
Ne5 e6 9. Qe2 Qxd4 10. O-O-O Nbd7 11. Nxd7 Nxd7 12. f3 Qe5 13. Ne4 Bxe4 14.
fxe4 O-O-O 15. Bc3 Qf4+ 16. Bd2 Qc7 17. Rhf1 Nc5 18. Bb3 Bd6 19. Bc3 g6 20. Qf2
Rhf8 21. h3 b6 22. Qf6 Rde8 23. Rxd6 Nd7 24. Qd4 1-0

[Event "Benidorm 2013 - Torneo sub2000"]
[Site "Benidorm ESP"]
[Date "2013.12.04"]
[Round "7.79"]
[White "De Esteban De Esteban, Valenti"]
[Black "Muro Turon, Raul"]
[Result "1-0"]
[WhiteElo "1764"]
[BlackElo "1905"]
[PlyCount "41"]
[EventDate "2013.11.29"]
[EventRounds "10"]
[EventCountry "ESP"]
[Source "lmi"]
[SourceDate "2013.11.29"]

1. e4 e5 2. Nf3 Nc6 3. Bc4 Nf6 4. Qe2 Bc5 5. c3 d6 6. a4 a6 7. h3 O-O 8. O-O h6
9. d3 Qe7 10. Be3 Bxe3 11. fxe3 d5 12. exd5 e4 13. dxe4 Ne5 14. Nxe5 Qxe5 15.
Nd2 Nxe4 16. Nxe4 Qxe4 17. Rf4 Qe7 18. Raf1 Kh8 19. d6 Qxd6 20. Rxf7 Be6 21.
Rxf8+ 1-0

[Event "Benidorm 2013 - Torneo sub2000"]
[Site "Benidorm ESP"]
[Date "2013.12.04"]
[Round "7.80"]
[White "Young, Mel J"]
[Black "Ventura Rius, Andreu"]
[Result "1-0"]
[WhiteElo "1902"]
[BlackElo "1760"]
[PlyCount "39"]
[EventDate "2013.11.29"]
[EventRounds "10"]
[EventCountry "ESP"]
[Source "lmi"]
[SourceDate "2013.11.29"]

1. e4 d6 2. Nc3 Nf6 3. f4 Bg4 4. Nf3 e5 5. h3 Bxf3 6. Qxf3 exf4 7. d4 c6 8.
Bxf4 Be7 9. O-O-O O-O 10. e5 Nfd7 11. Qg3 Re8 12. exd6 Bf8 13. Bc4 Nb6 14. Bb3
a5 15. Rhf1 Nd5 16. Nxd5 a4 17. Bc4 b5 18. Ne7+ Bxe7 19. dxe7 Qxe7 20. Be5 1-0

[Event "Benidorm 2013 - Torneo sub2000"]
[Site "Benidorm ESP"]
[Date "2013.12.04"]
[Round "7.81"]
[White "Urios Hernandez, Ramon"]
[Black "Kearsley, Raymond J"]
[Result "1-0"]
[WhiteElo "1896"]
[BlackElo "1749"]
[PlyCount "37"]
[EventDate "2013.11.29"]
[EventRounds "10"]
[EventCountry "ESP"]
[Source "lmi"]
[SourceDate "2013.11.29"]

1. e4 c5 2. Nf3 e6 3. d4 cxd4 4. Nxd4 Bc5 5. Nb3 Bb6 6. Nc3 Ne7 7. Qg4 Ng6 8.
h4 h5 9. Qg3 Bc7 10. f4 Qf6 11. e5 Qe7 12. Bd3 Rh6 13. Nb5 Bb6 14. Nd6+ Kd8 15.
Bd2 Nc6 16. O-O-O f5 17. Bb5 Nf8 18. Bxc6 bxc6 19. Bb4 1-0

[Event "Benidorm 2013 - Torneo sub2000"]
[Site "Benidorm ESP"]
[Date "2013.12.04"]
[Round "7.94"]
[White "Chesa Chavarria, Aurelio"]
[Black "Fernandez Mira, Alonso"]
[Result "1/2-1/2"]
[WhiteElo "1817"]
[BlackElo "1668"]
[PlyCount "34"]
[EventDate "2013.11.29"]
[EventRounds "10"]
[EventCountry "ESP"]
[Source "lmi"]
[SourceDate "2013.11.29"]

1. d4 Nf6 2. c4 e6 3. Nf3 Bb4+ 4. Bd2 Qe7 5. Nc3 O-O 6. Qc2 c5 7. a3 Bxc3 8.
Bxc3 b6 9. e3 Bb7 10. Bd3 h6 11. O-O d6 12. Rad1 Nbd7 13. Nd2 e5 14. f3 Rfe8
15. d5 Rac8 16. Ne4 Nxe4 17. Bxe4 g6 1/2-1/2

[Event "Benidorm 2013 - Torneo sub2000"]
[Site "Benidorm ESP"]
[Date "2013.12.04"]
[Round "7.102"]
[White "Denekens, Chris"]
[Black "Cebada Benitez, Fernando"]
[Result "1/2-1/2"]
[WhiteElo "1724"]
[BlackElo "1913"]
[PlyCount "36"]
[EventDate "2013.11.29"]
[EventRounds "10"]
[EventCountry "ESP"]
[Source "lmi"]
[SourceDate "2013.11.29"]

1. e4 e5 2. Nc3 Nf6 3. f4 d6 4. Nf3 Nc6 5. Bb5 Bd7 6. d3 exf4 7. Bxf4 Be7 8.
O-O O-O 9. a3 Bg4 10. Bxc6 bxc6 11. Qe1 Rb8 12. Rb1 Nh5 13. Bd2 Kh8 14. h3 Bd7
15. e5 f5 16. Ne2 f4 17. Qc1 Ng3 18. Nxg3 fxg3 1/2-1/2

[Event "Benidorm 2013 - Torneo sub2000"]
[Site "Benidorm ESP"]
[Date "2013.12.04"]
[Round "7.105"]
[White "Redondo Maguregui, Juan Manuel"]
[Black "Ojosnegros Martin, Angel"]
[Result "1-0"]
[WhiteElo "1754"]
[BlackElo "1510"]
[PlyCount "47"]
[EventDate "2013.11.29"]
[EventRounds "10"]
[EventCountry "ESP"]
[Source "lmi"]
[SourceDate "2013.11.29"]

1. c4 Nf6 2. Nc3 e6 3. e3 d5 4. Nf3 Be7 5. a3 b6 6. b4 Nbd7 7. Bb2 Bb7 8. Rc1
a6 9. Be2 O-O 10. Qc2 c5 11. b5 axb5 12. Nxb5 Ba6 13. cxd5 exd5 14. Ng5 g6 15.
h4 Re8 16. h5 Nf8 17. hxg6 fxg6 18. a4 Bd6 19. f4 Bxb5 20. Bxb5 N6d7 21. Nxh7
Re4 22. Bxd7 Qxd7 23. Qxe4 Qxh7 24. Qxd5+ 1-0

[Event "Benidorm 2013 - Torneo sub2000"]
[Site "Benidorm ESP"]
[Date "2013.12.04"]
[Round "7.131"]
[White "Blesa Fernandez, Ignacio"]
[Black "Garcia Yera, Santiago"]
[Result "1-0"]
[WhiteElo "1480"]
[BlackElo "1770"]
[PlyCount "45"]
[EventDate "2013.11.29"]
[EventRounds "10"]
[EventCountry "ESP"]
[Source "lmi"]
[SourceDate "2013.11.29"]

1. e4 g6 2. d4 d6 3. Nc3 Bg7 4. Bc4 Nf6 5. f3 c6 6. Be3 Nbd7 7. Nge2 a5 8. a4
Rb8 9. Qd2 h5 10. O-O-O Nb6 11. Bb3 Bd7 12. h3 Na8 13. g4 h4 14. e5 Ng8 15.
exd6 exd6 16. Bf4 Qc7 17. Ne4 Bf8 18. Nc5 b5 19. Na6 Qb7 20. Nxb8 Qxb8 21. Rhe1
Nc7 22. Nc3+ Be7 23. Bxd6 1-0

[Event "Benidorm 2013 - Torneo sub2000"]
[Site "Benidorm ESP"]
[Date "2013.12.05"]
[Round "8.1"]
[White "Gambini, Stephane"]
[Black "Rizza, Francesco"]
[Result "0-1"]
[WhiteElo "1975"]
[BlackElo "1998"]
[PlyCount "144"]
[EventDate "2013.11.29"]
[EventRounds "10"]
[EventCountry "ESP"]
[Source "lmi"]
[SourceDate "2013.11.29"]

1. e4 c5 2. Nc3 d6 3. g3 Nc6 4. Bg2 Nf6 5. f4 Bg4 6. Nf3 Nd4 7. h3 Bxf3 8. Bxf3
Nxf3+ 9. Qxf3 e6 10. O-O Qc7 11. d3 O-O-O 12. Be3 d5 13. Bf2 c4 14. e5 Ne8 15.
d4 Be7 16. Na4 Qc6 17. Nc5 Nc7 18. b4 f5 19. a4 h6 20. Qh5 a6 21. Rfd1 Kb8 22.
Be1 Qb6 23. a5 Qc6 24. Bd2 Nb5 25. c3 Bxc5 26. bxc5 Qd7 27. Kh2 Na7 28. Rdb1
Nb5 29. Rf1 g5 30. fxg5 hxg5 31. Qxg5 Qh7 32. h4 Rdg8 33. Qe3 Na7 34. Rab1 Nc6
35. Rb6 Ka8 36. Rfb1 Rg4 37. Qf2 f4 38. Bxf4 Qf5 39. Be3 Qe4 40. Kh3 Ne7 41.
Re1 Rxg3+ 42. Qxg3 Nf5 43. Bg5 Nxg3 44. Rxe4 Nxe4 45. Kg4 Re8 46. Bf6 Nxc3 47.
h5 Rg8+ 48. Kf3 Nb5 49. Ke2 Nxd4+ 50. Kd2 Rg2+ 51. Ke3 c3 52. Rb1 c2 53. Rc1
Nb3 54. Kf3 Rh2 55. Kg3 Rxh5 56. Rxc2 Nxa5 57. Kg4 Rf5 58. Rh2 Nc6 59. Re2 Ka7
60. Kg3 a5 61. Ra2 b5 62. cxb6+ Kxb6 63. Rb2+ Kc5 64. Rc2+ Kb5 65. Rb2+ Nb4 66.
Rb1 d4 67. Rc1 d3 68. Rd1 Kc4 69. Kg4 Kc3 70. Bg5 Rxe5 71. Bf6 Kc2 72. Ra1 Rf5
0-1